000 00758nam a22002057a 4500
999 _c9640
_d9640
003 AR-CdUCM
008 190328b ||||| |||| 00| 0 spa d
040 _aMUNICIPALIDAD PROVINCIAL DEL CUSCO
_cBIBLIOTECA MUNICIPAL DEL CUSCO
082 _a027.573 /
_bM13
100 _aSmith, Robert C.
_925977
245 _aLa Experiencia Americana :
_bLa Fundación Hispánica en la Biblioteca del Congreso /
260 _aEstados Unidos :
_bUnited States Government Printing Office ;
_c1940.
300 _a18 páginas ;
_bFotografías b/n
_c25cm
505 _aContenido: La Fundación Hispánica en la Biblioteca del Congreso
650 _aFundación
_99095
650 _aCongreso
_912680
700 _aSmith, Robert C.
_925978
942 _2ddc
_cLIBROS
945 _anom